[Event "CTO DE ESPANA DE SELECCIONES AUTONOMICAS"]
[Site "Hotel La Borona, Gijon (Asturi"]
[Date "2011.04.29"]
[Round "1.1"]
[White "Magem Badals, Jordi"]
[Black "Gomez Esteban, Juan Mario"]
[Result "1/2-1/2"]
[WhiteElo "2573"]
[BlackElo "2477"]
[PlyCount "62"]
[EventDate "2011.04.29"]

1. e4 c5 2. Nf3 d6 3. d4 cxd4 4. Qxd4 Nc6 5. Bb5 Bd7 6. Bxc6 Bxc6 7. Nc3 Nf6 8.
Bg5 e6 9. Qd3 Qa5 10. Bxf6 gxf6 11. Nd4 Bd7 12. O-O-O O-O-O 13. Kb1 Kb8 14. f4
a6 15. f5 h5 16. Qh3 Qe5 17. Rhe1 h4 18. Nf3 Qf4 19. Ne2 Qh6 20. Nfd4 Re8 21.
Qb3 Qg5 22. Qb6 Qxg2 23. Nf4 Qxh2 24. fxe6 fxe6 25. Nfxe6 Bxe6 26. Nc6+ Kc8 27.
Na7+ Kb8 28. Nc6+ Kc8 29. Na7+ Kb8 30. Nc6+ Kc8 31. Na7+ Kb8 1/2-1/2

[Event "CTO DE ESPANA DE SELECCIONES AUTONOMICAS"]
[Site "Hotel La Borona, Gijon (Asturi"]
[Date "2011.04.29"]
[Round "1.2"]
[White "Franco Alonso, Alejandro"]
[Black "Alsina Leal, Daniel"]
[Result "0-1"]
[WhiteElo "2489"]
[BlackElo "2538"]
[PlyCount "86"]
[EventDate "2011.04.29"]

1. Nf3 d5 2. d4 Nf6 3. c4 c6 4. e3 Bf5 5. Nc3 e6 6. Nh4 Bg6 7. Be2 Nbd7 8. O-O
Ne4 9. Nxg6 hxg6 10. cxd5 exd5 11. Nxe4 dxe4 12. d5 Bd6 13. h3 c5 14. Bb5 a6
15. Bxd7+ Qxd7 16. f4 Be7 17. Qb3 Rd8 18. Rd1 Rh5 19. d6 Bxd6 20. Bd2 Qb5 21.
Qxb5+ axb5 22. Ba5 Rd7 23. Bc3 f6 24. a3 Be7 25. Rxd7 Kxd7 26. Rd1+ Kc6 27. Kf2
Rd5 28. Ke2 Rxd1 29. Kxd1 b4 30. axb4 c4 31. g4 Kb5 32. Ke2 Bxb4 33. Bd4 Bc5
34. Bc3 Ka4 35. g5 fxg5 36. fxg5 Bf8 37. Bd4 Kb3 38. Kd1 b5 39. h4 b4 40. Kd2
c3+ 41. bxc3 bxc3+ 42. Bxc3 Bb4 43. Bxb4 Kxb4 0-1

[Event "CTO DE ESPANA DE SELECCIONES AUTONOMICAS"]
[Site "Hotel La Borona, Gijon (Asturi"]
[Date "2011.04.29"]
[Round "1.3"]
[White "Narciso Dublan, Marc"]
[Black "Argandona Riveiro, Inigo"]
[Result "1/2-1/2"]
[WhiteElo "2551"]
[BlackElo "2389"]
[PlyCount "86"]
[EventDate "2011.04.29"]

1. e4 c5 2. Nf3 Nc6 3. d4 cxd4 4. Nxd4 e5 5. Nb5 d6 6. N1c3 a6 7. Na3 b5 8. Nd5
Nce7 9. c4 Nxd5 10. exd5 bxc4 11. Nxc4 Be7 12. Be3 Rb8 13. Qa4+ Qd7 14. Qxd7+
Bxd7 15. a4 Nf6 16. Nb6 Bd8 17. Nxd7 Ba5+ 18. Kd1 Kxd7 19. Bxa6 Nxd5 20. Bc1
Nc7 21. Be2 Rb4 22. h4 Rhb8 23. Rh3 Ke7 24. Ra2 Nd5 25. Bd2 Rd4 26. Rd3 Rxd3
27. Bxd3 Bxd2 28. Kxd2 Nb4 29. Ra1 Nxd3 30. Kxd3 Rxb2 31. a5 d5 32. a6 Rb8 33.
a7 Ra8 34. g4 Kd6 35. g5 Ke6 36. Ke3 Kf5 37. Kf3 f6 38. Ke3 h6 39. Ra6 h5 40.
f3 Kg6 41. Kd3 Kf5 42. Ke3 Kg6 43. Kd3 Kf5 1/2-1/2

[Event "CTO DE ESPANA DE SELECCIONES AUTONOMICAS"]
[Site "Hotel La Borona, Gijon (Asturi"]
[Date "2011.04.29"]
[Round "1.4"]
[White "Alonso Arburu, Juan Ignacio"]
[Black "Romero Holmes, Alfonso"]
[Result "0-1"]
[WhiteElo "2367"]
[BlackElo "2491"]
[PlyCount "92"]
[EventDate "2011.04.29"]

1. d4 Nf6 2. Nf3 g6 3. c4 Bg7 4. Nc3 d6 5. Bf4 O-O 6. h3 Nc6 7. e3 Re8 8. Be2
Bf5 9. d5 e5 10. Bg5 Ne7 11. g4 Bd7 12. Nd2 Rf8 13. Qc2 c6 14. e4 a6 15. a4 Ne8
16. b4 f5 17. gxf5 gxf5 18. c5 h6 19. Bh4 Bf6 20. Bxf6 Rxf6 21. Nc4 cxd5 22.
exd5 Rc8 23. Qd2 Kh7 24. f4 e4 25. Qd4 Ng6 26. O-O dxc5 27. bxc5 Qc7 28. c6
bxc6 29. d6 Qd8 30. Rad1 Ng7 31. Kh2 Ne6 32. Qe3 Rb8 33. Nxe4 fxe4 34. f5 Ng5
35. fxg6+ Rxg6 36. Ne5 Rg7 37. h4 Nf3+ 38. Nxf3 exf3 39. Bd3+ Kg8 40. Qf4 Rb2+
41. Kh1 Rg4 42. Bc4+ Kh7 43. Bd3+ Kg7 44. Qe5+ Kg8 45. Bc4+ Rxc4 46. Rd4 Qxh4+
0-1

[Event "CTO DE ESPANA DE SELECCIONES AUTONOMICAS"]
[Site "Hotel La Borona, Gijon (Asturi"]
[Date "2011.04.29"]
[Round "1.5"]
[White "Colon Garcia, Enrique"]
[Black "Munoz Perez, Miriam"]
[Result "1-0"]
[WhiteElo "2288"]
[BlackElo "2049"]
[PlyCount "79"]
[EventDate "2011.04.29"]

1. e4 e5 2. Nf3 Nc6 3. Bb5 a6 4. Ba4 Nf6 5. O-O Be7 6. Re1 b5 7. Bb3 d6 8. c3
O-O 9. h3 Na5 10. Bc2 c5 11. d4 Qc7 12. Nbd2 Re8 13. Nf1 Bf8 14. Ng3 g6 15. d5
Nc4 16. b3 Nb6 17. Bg5 Bg7 18. Qd2 Bd7 19. Nh2 c4 20. Be3 Rf8 21. Rac1 Ne8 22.
b4 f5 23. f4 a5 24. bxa5 Rxa5 25. exf5 gxf5 26. Bb1 Ra3 27. Nh5 Na4 28. Nxg7
Nxg7 29. fxe5 dxe5 30. d6 Qd8 31. Bg5 Qb6+ 32. Kh1 e4 33. Nf1 Nc5 34. Be7 Rf7
35. Ne3 Nd3 36. Nd5 Qa7 37. Qh6 Ne6 38. Bf6 Ng7 39. Ne7+ Kf8 40. Qxh7 1-0

[Event "CTO DE ESPANA DE SELECCIONES AUTONOMICAS"]
[Site "Hotel La Borona, Gijon (Asturi"]
[Date "2011.04.29"]
[Round "1.6"]
[White "Garro Beraza, Julen"]
[Black "Clopes Llahi, Judit"]
[Result "1/2-1/2"]
[WhiteElo "1889"]
[BlackElo "2094"]
[PlyCount "93"]
[EventDate "2011.04.29"]

1. e4 g6 2. d4 d6 3. Nc3 Bg7 4. g3 Nf6 5. Bg2 O-O 6. Nge2 c6 7. a4 Nbd7 8. O-O
Qc7 9. h3 e5 10. Be3 h6 11. Qd2 Kh7 12. Rad1 Nb6 13. b3 Be6 14. f4 Rad8 15. Qe1
Nc8 16. g4 exf4 17. Bxf4 g5 18. Bh2 Qb6 19. Qf2 c5 20. Ng3 cxd4 21. Nd5 Bxd5
22. exd5 Ne7 23. Rd3 Rc8 24. Kh1 Rc3 25. Nf5 Nxf5 26. Qxf5+ Kg8 27. h4 gxh4 28.
g5 hxg5 29. Qxg5 Rxd3 30. cxd3 Nh7 31. Qxh4 Qd8 32. Qh5 Nf6 33. Qg5 Re8 34. Bg3
Ne4 35. Qg4 Nxg3+ 36. Qxg3 Re3 37. Qf4 Qe7 38. Be4 Qd7 39. Bf5 Qc7 40. Qh4 Kf8
41. Kg1 Qe7 42. Qg4 Qe5 43. Be4 b6 44. Qc8+ Ke7 45. Qc7+ Ke8 46. Qc8+ Ke7 47.
Qc7+ 1/2-1/2

[Event "CTO DE ESPANA DE SELECCIONES AUTONOMICAS"]
[Site "Hotel La Borona, Gijon (Asturi"]
[Date "2011.04.29"]
[Round "1.1"]
[White "Reinaldo Castineira, Roi"]
[Black "Baron Rodriguez, Jesus"]
[Result "0-1"]
[WhiteElo "2497"]
[BlackElo "2447"]
[PlyCount "44"]
[EventDate "2011.04.29"]

1. c4 e6 2. Nf3 d5 3. g3 dxc4 4. Qa4+ Bd7 5. Qxc4 Bc6 6. Bg2 Nf6 7. Nc3 Be7 8.
e4 O-O 9. O-O b5 10. Nxb5 Bxe4 11. Qxc7 Qd3 12. Qxe7 Qxb5 13. d4 Nc6 14. Qc5
Qb7 15. Bg5 Nd7 16. Qd6 Rfc8 17. Rfd1 Nb4 18. Ne5 Bxg2 19. Nxd7 Bh3 20. d5 Nxd5
21. Rd2 Rc6 22. Nc5 Qb6 0-1

[Event "CTO DE ESPANA DE SELECCIONES AUTONOMICAS"]
[Site "Hotel La Borona, Gijon (Asturi"]
[Date "2011.04.29"]
[Round "1.3"]
[White "Navarro Cia, Miguel"]
[Black "Forcen Esteban, Daniel"]
[Result "0-1"]
[WhiteElo "2330"]
[BlackElo "2425"]
[PlyCount "64"]
[EventDate "2011.04.29"]

1. d4 Nf6 2. Bg5 e6 3. e4 h6 4. Bxf6 Qxf6 5. c3 d5 6. e5 Qd8 7. Bd3 c5 8. Ne2
Qb6 9. Nd2 Nc6 10. Nf3 Qxb2 11. O-O c4 12. Bc2 Qa3 13. Rb1 a6 14. Ne1 h5 15. f4
g6 16. Nf3 b5 17. Qe1 Qxa2 18. Qd2 Qa5 19. h3 h4 20. Qe1 Qd8 21. Kh2 Bd7 22. g4
hxg3+ 23. Qxg3 Ne7 24. Ng5 Nf5 25. Rg1 Qe7 26. Ra1 Kd8 27. Qf3 Kc7 28. Ng3 f6
29. exf6 Qxf6 30. Qe3 Bd6 31. Kg2 a5 32. Nf1 Rh4 0-1

[Event "CTO DE ESPANA DE SELECCIONES AUTONOMICAS"]
[Site "Hotel La Borona, Gijon (Asturi"]
[Date "2011.04.29"]
[Round "1.4"]
[White "Chueca Forcen, Alberto"]
[Black "Zamarbide Inarrea, Daniel"]
[Result "0-1"]
[WhiteElo "2289"]
[BlackElo "2228"]
[PlyCount "64"]
[EventDate "2011.04.29"]

1. d4 g6 2. c4 Bg7 3. Nc3 c5 4. d5 Bxc3+ 5. bxc3 f5 6. h4 Nf6 7. h5 Rg8 8. hxg6
hxg6 9. Qa4 Kf7 10. Bf4 d6 11. Nh3 Kg7 12. e3 Rh8 13. f3 Nbd7 14. Kf2 Ne5 15.
Be2 Rh5 16. Ng5 Qh8 17. Rxh5 Qxh5 18. Rg1 Nf7 19. Nxf7 Kxf7 20. Bg3 Qh6 21. Qc2
Bd7 22. Qb1 b6 23. Rh1 Qg7 24. Qc1 g5 25. Kg1 Rh8 26. Rxh8 Qxh8 27. Qa3 Nh5 28.
Bh2 a5 29. Qb2 g4 30. fxg4 fxg4 31. Qc2 Kf6 32. Qe4 Bf5 0-1

[Event "CTO DE ESPANA DE SELECCIONES AUTONOMICAS"]
[Site "Hotel La Borona, Gijon (Asturi"]
[Date "2011.04.29"]
[Round "1.5"]
[White "Jimenez Almeida, Luis David"]
[Black "Moreno Gracia, Daniel"]
[Result "0-1"]
[WhiteElo "1965"]
[BlackElo "2276"]
[PlyCount "54"]
[EventDate "2011.04.29"]

1. d4 d5 2. c4 e6 3. Nf3 Nf6 4. g3 dxc4 5. Bg2 c5 6. O-O Nc6 7. dxc5 Qxd1 8.
Rxd1 Bxc5 9. Nbd2 c3 10. bxc3 Bd7 11. Ng5 Be7 12. Nde4 Nxe4 13. Nxe4 O-O-O 14.
Bg5 f6 15. Be3 Kc7 16. Nc5 Bc8 17. Nb3 b6 18. Nd4 Na5 19. f4 e5 20. Nb5+ Kb8
21. Rdb1 Nc4 22. Bf2 a6 23. a4 axb5 24. a5 bxa5 25. Rxb5+ Kc7 26. Bc5 Ba6 27.
Bxe7 Bxb5 0-1

[Event "CTO DE ESPANA DE SELECCIONES AUTONOMICAS"]
[Site "Hotel La Borona, Gijon (Asturi"]
[Date "2011.04.29"]
[Round "1.6"]
[White "Garcia Vicente, Nieves"]
[Black "Gonzalez Etayo, Oihana"]
[Result "1-0"]
[WhiteElo "2220"]
[BlackElo "1824"]
[PlyCount "119"]
[EventDate "2011.04.29"]

1. d4 e6 2. c4 f5 3. Nf3 Nf6 4. g3 d5 5. Bg2 c6 6. O-O Bd6 7. b3 Qe7 8. Bb2 O-O
9. Qc1 Bd7 10. Ba3 Be8 11. Bxd6 Qxd6 12. Qa3 Ne4 13. Qxd6 Nxd6 14. Nbd2 Nd7 15.
Ng5 Rf6 16. f4 h6 17. Ngf3 Bh5 18. Ne5 Rd8 19. Ndf3 Ne4 20. Rfe1 Nxe5 21. dxe5
Rf7 22. Nd4 Re7 23. Bf3 Bxf3 24. Nxf3 dxc4 25. bxc4 Red7 26. Rab1 c5 27. Rb3 b6
28. Ra3 g5 29. fxg5 hxg5 30. h3 Kg7 31. Kg2 Kg6 32. Rc1 g4 33. hxg4 fxg4 34.
Nh4+ Kg5 35. Rf1 Rd2 36. Re3 R8d4 37. Rf7 Kh6 38. Rxa7 Rxc4 39. Re7 Ng5 40. Rb7
Rb4 41. a3 Rb1 42. Kf2 Nh3+ 43. Kg2 Rdd1 44. Nf3 gxf3+ 45. Rxf3 Nf4+ 46. Rxf4
Rg1+ 47. Kh3 Kg5 48. Rg7+ Kh6 49. Rgf7 Kg5 50. Rg4+ Kh6 51. Rf6+ Kh5 52. Rh4+
Kg5 53. Rg4+ Kh5 54. Rg8 Rh1+ 55. Kg2 Rhg1+ 56. Kf2 Rgf1+ 57. Ke3 Rb3+ 58. Ke4
Rd1 59. Rxe6 Rd4+ 60. Kf5 1-0

[Event "CTO DE ESPANA DE SELECCIONES AUTONOMICAS"]
[Site "Hotel La Borona, Gijon (Asturi"]
[Date "2011.04.29"]
[Round "1.1"]
[White "Almagro Llamas, Pablo"]
[Black "Cacho Reigadas, Sergio"]
[Result "1/2-1/2"]
[WhiteElo "2472"]
[BlackElo "2518"]
[PlyCount "69"]
[EventDate "2011.04.29"]

1. e4 c5 2. Nf3 e6 3. d4 cxd4 4. Nxd4 a6 5. Nc3 Qc7 6. Be2 b5 7. O-O Nc6 8.
Nxc6 dxc6 9. a4 b4 10. Nb1 Nf6 11. Bd3 a5 12. Qe2 e5 13. Be3 Ng4 14. Nd2 Be7
15. Bc4 O-O 16. Nf3 Nxe3 17. Qxe3 Bg4 18. h3 Bh5 19. Rad1 Rad8 20. Be2 Bxf3 21.
Qxf3 Bc5 22. Bc4 Qe7 23. Rxd8 Rxd8 24. Rd1 Rf8 25. Rd3 g6 26. Qe2 Kg7 27. g3 f5
28. Rf3 fxe4 29. Qxe4 Rxf3 30. Qxf3 e4 31. Qe2 Qe5 32. Kg2 e3 33. fxe3 Bd6 34.
Qf3 Qxb2 35. Bb3 1/2-1/2

[Event "CTO DE ESPANA DE SELECCIONES AUTONOMICAS"]
[Site "Hotel La Borona, Gijon (Asturi"]
[Date "2011.04.29"]
[Round "1.2"]
[White "Bolado Saez, Sergio"]
[Black "Anton Guijarro, David"]
[Result "0-1"]
[WhiteElo "2331"]
[BlackElo "2425"]
[PlyCount "62"]
[EventDate "2011.04.29"]

1. Nf3 Nf6 2. c4 e6 3. g3 d5 4. Bg2 Be7 5. O-O O-O 6. d4 dxc4 7. Ne5 Nc6 8.
Nxc6 bxc6 9. Bxc6 Rb8 10. Bg2 Qd7 11. Nc3 Rd8 12. Qc2 Bb7 13. Rd1 Bxg2 14. Kxg2
c5 15. dxc5 Qc6+ 16. f3 Qxc5 17. Bf4 e5 18. Bg5 Ng4 19. fxg4 Bxg5 20. h4 Be7
21. Rxd8+ Bxd8 22. Rd1 Bb6 23. Qf5 Qc6+ 24. Qf3 Qe6 25. Qf5 Qc6+ 26. Rd5 Bd4
27. Qf3 Qe6 28. e3 Bxc3 29. bxc3 Rb2+ 30. Kg1 g6 31. Qe4 Qf6 0-1

[Event "CTO DE ESPANA DE SELECCIONES AUTONOMICAS"]
[Site "Hotel La Borona, Gijon (Asturi"]
[Date "2011.04.29"]
[Round "1.3"]
[White "Martinez Martin, David"]
[Black "Martin Fuentes, Alberto"]
[Result "1-0"]
[WhiteElo "2398"]
[BlackElo "2307"]
[PlyCount "65"]
[EventDate "2011.04.29"]

1. d4 Nf6 2. c4 c5 3. d5 b5 4. cxb5 a6 5. bxa6 Bxa6 6. g3 d6 7. Bg2 g6 8. Nf3
Bg7 9. O-O Nbd7 10. Nc3 O-O 11. Rb1 Qb6 12. b3 Ne8 13. Bb2 Nc7 14. Qd2 Rfb8 15.
Qe3 Re8 16. Nd2 Bd4 17. Qh6 Qb4 18. a3 Qb7 19. Nce4 Bxb2 20. Rxb2 Bxe2 21. Ng5
Nf8 22. Re1 Bd3 23. Re3 Bf5 24. Nc4 Nb5 25. g4 Bxg4 26. Rg3 Bf5 27. Re2 Nd4 28.
Ree3 Rad8 29. Nxh7 Nxh7 30. Rh3 Bxh3 31. Rxh3 e5 32. dxe6 d5 33. e7 1-0

[Event "CTO DE ESPANA DE SELECCIONES AUTONOMICAS"]
[Site "Hotel La Borona, Gijon (Asturi"]
[Date "2011.04.29"]
[Round "1.4"]
[White "Rodriguez Fontecha, Marcos"]
[Black "Gallardo Garcia, Andres"]
[Result "1-0"]
[WhiteElo "2254"]
[BlackElo "2370"]
[PlyCount "73"]
[EventDate "2011.04.29"]

1. d4 Nf6 2. Nf3 e6 3. Bf4 c5 4. c3 Nc6 5. e3 Nh5 6. Bg5 Qb6 7. Qb3 Qxb3 8.
axb3 h6 9. Bh4 g5 10. Bg3 Nxg3 11. hxg3 cxd4 12. exd4 Bg7 13. Bd3 d5 14. Nbd2
Ke7 15. b4 g4 16. Ng1 f6 17. b5 Nd8 18. Nf1 Bd7 19. Ne3 f5 20. Ne2 Nf7 21. b3
Nd6 22. c4 dxc4 23. bxc4 e5 24. Nd5+ Kf7 25. dxe5 Bxe5 26. Ra2 Rhc8 27. Rxh6
Kg7 28. Rh5 Be6 29. Ne3 Kg6 30. Rh4 Kg5 31. Rc2 f4 32. gxf4+ Kxh4 33. g3+ Kh5
34. fxe5 Nf7 35. Nf4+ Kh6 36. Nxe6 Nxe5 37. Be4 1-0

[Event "CTO DE ESPANA DE SELECCIONES AUTONOMICAS"]
[Site "Hotel La Borona, Gijon (Asturi"]
[Date "2011.04.29"]
[Round "1.5"]
[White "Suarez Uriel, Adrian"]
[Black "Tejedor Fuentes, Enrique"]
[Result "1-0"]
[WhiteElo "2192"]
[BlackElo "2113"]
[PlyCount "101"]
[EventDate "2011.04.29"]

1. e4 e6 2. Qe2 c5 3. Nf3 Nc6 4. g3 Nf6 5. Bg2 d6 6. O-O Be7 7. c3 O-O 8. d4 d5
9. e5 Nd7 10. dxc5 Nxc5 11. Rd1 Qc7 12. Bf4 Ne4 13. Nbd2 Nxd2 14. Nxd2 g5 15.
Bxg5 Bxg5 16. Qg4 h6 17. f4 f5 18. exf6 e5 19. Bxd5+ Kh7 20. Be4+ Kg8 21. Qh5
Bxf6 22. Qxh6 Nd8 23. fxe5 Qg7 24. Qh5 Be7 25. Rf1 Be6 26. Rxf8+ Bxf8 27. Rf1
Nc6 28. Rf6 Bf7 29. Qf5 Be7 30. Qh7+ Qxh7 31. Bxh7+ Kg7 32. Rf1 Rd8 33. Rxf7+
Kxf7 34. Nf3 Rd1+ 35. Kf2 Ra1 36. Ke3 Rxa2 37. b4 Ra3 38. Kd2 Nxb4 39. Be4 Nc6
40. h4 Ra5 41. h5 Nxe5 42. Nd4 Nc6 43. Nf5 Kf6 44. g4 Bf8 45. Ke3 Ne7 46. Nd6
Nd5+ 47. Bxd5 Rxd5 48. Ne4+ Ke7 49. g5 Rxg5 50. Nxg5 Bh6 51. Ke4 1-0

[Event "CTO DE ESPANA DE SELECCIONES AUTONOMICAS"]
[Site "Hotel La Borona, Gijon (Asturi"]
[Date "2011.04.29"]
[Round "1.6"]
[White "Martin Fuentes, Paula"]
[Black "Pascual Palomo, Lucia"]
[Result "0-1"]
[WhiteElo "1473"]
[BlackElo "2163"]
[PlyCount "58"]
[EventDate "2011.04.29"]

1. e4 e6 2. d4 d5 3. exd5 exd5 4. Bd3 Bd6 5. Nc3 Ne7 6. Nge2 Nbc6 7. Be3 Nb4 8.
O-O c6 9. Bf4 Bg4 10. Bxd6 Qxd6 11. a3 Nxd3 12. Qxd3 Bf5 13. Qd2 O-O 14. Ng3
Bg6 15. Nce2 h6 16. c3 Qf6 17. Rfe1 Nc8 18. Nc1 Nd6 19. b3 h5 20. f3 h4 21. Nh1
h3 22. Ng3 hxg2 23. Qxg2 Rfe8 24. Re2 Nb5 25. Rxe8+ Rxe8 26. Nce2 Nxc3 27. Kf1
Nxe2 28. Nxe2 Bd3 29. Ra2 Qxd4 0-1

[Event "CTO DE ESPANA DE SELECCIONES AUTONOMICAS"]
[Site "Hotel La Borona, Gijon (Asturi"]
[Date "2011.04.29"]
[Round "1.1"]
[White "Mascaro March, Pedro"]
[Black "Del Rio De Angelis, Salvador G"]
[Result "1/2-1/2"]
[WhiteElo "2396"]
[BlackElo "2502"]
[PlyCount "63"]
[EventDate "2011.04.29"]

1. d4 e6 2. c4 d5 3. Nc3 Bb4 4. Nf3 Nf6 5. cxd5 exd5 6. Bg5 Nbd7 7. e3 c5 8.
Be2 Qa5 9. O-O Bxc3 10. bxc3 c4 11. Qc2 Ne4 12. Rac1 Nb6 13. Bf4 O-O 14. Nd2
Bf5 15. Nxe4 Bxe4 16. Qb2 Rfe8 17. Bd1 Re6 18. a4 Rae8 19. Ra1 R8e7 20. Bg4 Rg6
21. f3 Bd3 22. Rfe1 Na8 23. Qb5 Qd8 24. a5 a6 25. Qb4 Nc7 26. Bh3 Nb5 27. Be5
Rc6 28. Qb2 Qe8 29. Qb4 f6 30. Bf4 g5 31. Bg3 f5 32. Be5 1/2-1/2

[Event "CTO DE ESPANA DE SELECCIONES AUTONOMICAS"]
[Site "Hotel La Borona, Gijon (Asturi"]
[Date "2011.04.29"]
[Round "1.2"]
[White "Llaneza Vega, Marcos"]
[Black "Barcelo Pujadas, Pedro Jose"]
[Result "1-0"]
[WhiteElo "2473"]
[BlackElo "2257"]
[PlyCount "79"]
[EventDate "2011.04.29"]

1. e4 e6 2. d4 d5 3. e5 c5 4. c3 Qb6 5. Nf3 Bd7 6. Be2 cxd4 7. cxd4 Bb5 8. O-O
Bxe2 9. Qxe2 Qa6 10. Qd1 Nd7 11. Nc3 Ne7 12. b4 Qc4 13. Bb2 Qxb4 14. Rb1 Nc6
15. Ba1 Qa5 16. Rxb7 Rb8 17. Rxb8+ Ndxb8 18. Qb3 Be7 19. Nb5 O-O 20. Rc1 Qb6
21. Qa4 a6 22. Nd6 Bxd6 23. exd6 f6 24. Bc3 Rd8 25. Qa3 Nd7 26. Bd2 Qb5 27. h4
Ndb8 28. h5 Qb7 29. Bf4 Qb4 30. Qe3 Kf7 31. Qd3 Kg8 32. Rb1 Qc4 33. Qe3 Kf7 34.
Rb7+ Rd7 35. Rc7 Qb5 36. Qc1 Qc4 37. Qb1 g6 38. hxg6+ hxg6 39. Qb7 Ke8 40. Qc8+
1-0

[Event "CTO DE ESPANA DE SELECCIONES AUTONOMICAS"]
[Site "Hotel La Borona, Gijon (Asturi"]
[Date "2011.04.29"]
[Round "1.3"]
[White "Bestard Borras, Miguel"]
[Black "Gonzalez Menendez, Ivan"]
[Result "0-1"]
[WhiteElo "2204"]
[BlackElo "2455"]
[PlyCount "126"]
[EventDate "2011.04.29"]

1. d4 e6 2. Bf4 c5 3. e3 Nf6 4. c3 Nc6 5. Nd2 d5 6. Bd3 Bd6 7. Bxd6 Qxd6 8. f4
Bd7 9. Nh3 h6 10. O-O O-O-O 11. Qe2 Kb8 12. a3 Ng8 13. dxc5 Qxc5 14. c4 Nf6 15.
b4 Qe7 16. Nb3 dxc4 17. Bxc4 Rc8 18. Nc5 e5 19. Nxd7+ Nxd7 20. Rad1 Rhe8 21.
Qd3 Nb6 22. Bb5 exf4 23. exf4 Red8 24. Qe2 Qxe2 25. Bxe2 Nd4 26. Bg4 f5 27. Bh5
Nc4 28. Rd3 Nb2 29. Rg3 Rc7 30. Nf2 Ne6 31. Nd1 Nxd1 32. Bxd1 Nxf4 33. Rxf4
Rxd1+ 34. Rf1 Rxf1+ 35. Kxf1 g5 36. Rd3 Rc1+ 37. Kf2 Kc7 38. Rh3 Rc2+ 39. Kf1
Rc6 40. Rh5 Rf6 41. Rh3 a6 42. Kf2 b6 43. Rc3+ Rc6 44. Rd3 Rc2+ 45. Kf3 Ra2 46.
Rc3+ Kd6 47. h3 Kd5 48. Rd3+ Kc4 49. Re3 b5 50. g3 Kd4 51. Re6 Rxa3+ 52. Kf2
Ra2+ 53. Kf3 h5 54. Rh6 Ra3+ 55. Kf2 g4 56. h4 Ra2+ 57. Kg1 Ke4 58. Rxh5 f4 59.
Rc5 f3 60. h5 Rg2+ 61. Kf1 Rxg3 62. h6 Rh3 63. Rc6 g3 0-1

[Event "CTO DE ESPANA DE SELECCIONES AUTONOMICAS"]
[Site "Hotel La Borona, Gijon (Asturi"]
[Date "2011.04.29"]
[Round "1.4"]
[White "Alvarez Fernandez, Enrique"]
[Black "Lechado Artigues, Pedro"]
[Result "1-0"]
[WhiteElo "2374"]
[BlackElo "2081"]
[PlyCount "93"]
[EventDate "2011.04.29"]

1. d4 Nf6 2. Nf3 g6 3. Bf4 Bg7 4. e3 d6 5. h3 O-O 6. Be2 Nbd7 7. O-O c5 8. c3
Qb6 9. Qb3 Qxb3 10. axb3 b6 11. Na3 Bb7 12. Nc4 Ne4 13. Ra2 d5 14. Na3 a6 15.
Rfa1 b5 16. Nc2 Rfe8 17. Nce1 f6 18. Bh2 e5 19. Nd3 Rac8 20. b4 exd4 21. exd4
c4 22. Nde1 Nb6 23. Bd1 Bh6 24. Bc2 Rc6 25. Rd1 Rce6 26. Raa1 Nc8 27. Kf1 Ncd6
28. Bg1 Bc8 29. g4 R6e7 30. Kg2 Bf4 31. Bh2 Bh6 32. Ng1 Nf7 33. f3 Ned6 34. Bg3
f5 35. Kf1 Re6 36. Ng2 fxg4 37. hxg4 Rf6 38. Re1 Bxg4 39. Be5 Rf5 40. Bxf5 Bxf5
41. Bf4 Bd3+ 42. Kf2 Bg7 43. Rxe8+ Nxe8 44. Rxa6 g5 45. Bh2 h5 46. Ra8 Kf8 47.
Ne3 1-0

[Event "CTO DE ESPANA DE SELECCIONES AUTONOMICAS"]
[Site "Hotel La Borona, Gijon (Asturi"]
[Date "2011.04.29"]
[Round "1.5"]
[White "Shen, Yue"]
[Black "Suarez Garcia, Carlos"]
[Result "0-1"]
[WhiteElo "1976"]
[BlackElo "2177"]
[PlyCount "109"]
[EventDate "2011.04.29"]

1. d4 Nf6 2. c4 e6 3. Nf3 d5 4. Nc3 c6 5. cxd5 exd5 6. Bg5 h6 7. Bh4 Be7 8. Qc2
O-O 9. e3 Ne4 10. Bxe7 Qxe7 11. Bd3 Bf5 12. Nd2 Re8 13. O-O Nd7 14. Bxe4 dxe4
15. f3 Nf6 16. Rae1 Rad8 17. fxe4 Bxe4 18. Ndxe4 Nxe4 19. Nxe4 Qxe4 20. Qc4 Re6
21. Qc3 Rde8 22. Qb3 R8e7 23. Rf3 Rg6 24. Ref1 Kh7 25. R1f2 Qb1+ 26. Rf1 Qe4
27. R1f2 b6 28. Qc2 Rge6 29. Qxe4+ Rxe4 30. Rxf7 Rxe3 31. Rxe7 Rxe7 32. Rc2 Re6
33. Kf2 Kg6 34. b4 Kf6 35. a4 Ke7 36. d5 cxd5 37. Rc7+ Kd6 38. Rxa7 d4 39. Rxg7
Kd5 40. Rd7+ Kc4 41. a5 bxa5 42. bxa5 Kc3 43. Rc7+ Kd2 44. Rf7 d3 45. g4 Re2+
46. Kf1 Re6 47. Kf2 Kc1 48. h4 Rg6 49. Rc7+ Kd1 50. Rc4 Rd6 51. g5 d2 52. gxh6
Rxh6 53. Kg3 Rd6 54. Rf4 Rg6+ 55. Kh3 0-1

[Event "CTO DE ESPANA DE SELECCIONES AUTONOMICAS"]
[Site "Hotel La Borona, Gijon (Asturi"]
[Date "2011.04.29"]
[Round "1.6"]
[White "Suarez Calvo, Alesandra"]
[Black "Boix Pons, Catalina"]
[Result "1-0"]
[WhiteElo "2006"]
[BlackElo "1933"]
[PlyCount "81"]
[EventDate "2011.04.29"]

1. e4 c5 2. Nf3 Nc6 3. d4 cxd4 4. Nxd4 Nf6 5. Nc3 d6 6. Be2 a6 7. a4 e5 8. Nb3
Be7 9. O-O Be6 10. f4 Qb6+ 11. Kh1 Bxb3 12. cxb3 O-O 13. f5 Qd4 14. Bg5 h6 15.
Bh4 Rfe8 16. Bxf6 Bxf6 17. Bh5 Qb6 18. Nd5 Qd8 19. a5 Nd4 20. Rc1 Nc6 21. Nb6
Rb8 22. Qd5 Qe7 23. Rfd1 Rbd8 24. Qd3 Bg5 25. Nd5 Qf8 26. Ra1 Kh7 27. Qg3 g6
28. h4 gxh5 29. hxg5 Qg7 30. Nf6+ Kh8 31. Nxe8 Rxe8 32. Rxd6 hxg5 33. Qh3 Qh7
34. Rd7 Nd4 35. Qd3 Rb8 36. Rc1 Nc6 37. Qd5 h4 38. Rxf7 Qh6 39. Rxc6 bxc6 40.
Qxe5+ Kg8 41. Rf6 1-0

[Event "CTO DE ESPANA DE SELECCIONES AUTONOMICAS"]
[Site "Hotel La Borona, Gijon (Asturi"]
[Date "2011.04.29"]
[Round "1.1"]
[White "Suarez Pousa, Diego"]
[Black "Aguera Naredo, Javier"]
[Result "1-0"]
[WhiteElo "2455"]
[BlackElo "2359"]
[PlyCount "53"]
[EventDate "2011.04.29"]

1. e4 e6 2. d4 d5 3. Nc3 Nf6 4. Bg5 dxe4 5. Nxe4 Nbd7 6. Nf3 h6 7. Nxf6+ Nxf6
8. Be3 Be7 9. Bd3 Nd5 10. Bd2 c5 11. dxc5 Bxc5 12. Qe2 Qf6 13. Bb5+ Ke7 14. O-O
Rd8 15. c4 Nf4 16. Qe4 g5 17. Ba5 Rg8 18. Rad1 Qf5 19. Qxf5 exf5 20. Rfe1+ Be6
21. Nd4 Bxd4 22. Rxd4 b6 23. Bb4+ Kf6 24. g3 Ng6 25. Bc3 Ke7 26. Rd7+ Kf8 27.
Bb4+ 1-0

[Event "CTO DE ESPANA DE SELECCIONES AUTONOMICAS"]
[Site "Hotel La Borona, Gijon (Asturi"]
[Date "2011.04.29"]
[Round "1.2"]
[White "Vigil Alvarez, Luis"]
[Black "Pena Gomez, Manuel"]
[Result "1/2-1/2"]
[WhiteElo "2306"]
[BlackElo "2421"]
[PlyCount "88"]
[EventDate "2011.04.29"]

1. e4 c5 2. Nc3 Nc6 3. f4 g6 4. Nf3 Bg7 5. Bb5 Nd4 6. O-O Nxb5 7. Nxb5 d6 8. d3
Bg4 9. h3 Bxf3 10. Qxf3 Qd7 11. a4 f5 12. Re1 Nh6 13. e5 O-O 14. Qd5+ Kh8 15.
exd6 Rfd8 16. Qxc5 Rac8 17. Qf2 exd6 18. Nxa7 Ra8 19. Nb5 d5 20. c3 d4 21. c4
Ng8 22. Bd2 Ne7 23. Qe2 Nc6 24. Qe6 Bf8 25. Qxd7 Rxd7 26. b3 Kg8 27. Kf1 Kf7
28. Re2 Ra6 29. Ke1 h6 30. Kd1 Be7 31. Kc2 Bc5 32. Rae1 Be7 33. g3 Kf8 34. Kb2
Kf7 35. Na3 Bf6 36. Nc2 Rd8 37. Ra1 Rda8 38. Ree1 R6a7 39. Re2 Ra6 40. Be1 Be7
41. Bd2 Bf6 42. Be1 Be7 43. Rd1 Rb6 44. Ra1 Rba6 1/2-1/2

[Event "CTO DE ESPANA DE SELECCIONES AUTONOMICAS"]
[Site "Hotel La Borona, Gijon (Asturi"]
[Date "2011.04.29"]
[Round "1.3"]
[White "Garcia Castro, Pablo"]
[Black "Cenal Gutierrez, Ruben"]
[Result "1-0"]
[WhiteElo "2399"]
[BlackElo "2291"]
[PlyCount "63"]
[EventDate "2011.04.29"]

1. g3 d5 2. c4 dxc4 3. Bg2 c6 4. Nf3 Nf6 5. Qc2 Qc7 6. Na3 e5 7. Nxc4 Nbd7 8.
O-O b5 9. Ncxe5 Bb7 10. d4 Bd6 11. Bf4 Nd5 12. Nxf7 Nxf4 13. Nxh8 Nxg2 14. Qxh7
Nf8 15. Qe4+ Qe7 16. Qxe7+ Kxe7 17. Kxg2 c5 18. dxc5 Be5 19. e4 Bxb2 20. Rab1
Bf6 21. c6 Bxc6 22. Rbc1 Rc8 23. e5 Bxe5 24. Rxc6 Rxc6 25. Nxe5 Ra6 26. Rb1 Rb6
27. f4 Ne6 28. Rd1 a5 29. Rd7+ Ke8 30. Nhg6 a4 31. Ra7 Nc5 32. Ra8+ 1-0